000 02079nam a2200325Ia 4500
008 130821s1890 gw gr spa
040 _aCo-BoUCM
_bspa
041 0 _afre
_aeng
_ager
092 _aE19N065
111 2 _aCongrès International des américanistes
_n(7p0s
_d1888
_cBerlín)
242 0 0 _aCongreso Internacional de Americanistas
_bInforme de la Séptima Sesión
_yspa
245 1 0 _aCongrès International des américanistes
_bCompte-rendu de la Septième Session
246 1 3 _a[Congreso Internacional de Americanistas. Informe de la Séptima Sesión]
260 _aBerlín (Alemania)
_bW. H. Kühl
_c1890
300 _ax, 806 páginas
500 _aDetalles físicos: Encuadernación rígida (holandesa) en cartón forrado en papel jaspeado, con deteriorado en bordes y esquinas. Lomo en piel roja con nervaduras y repujados, letras y adornos en dorado. Conserva guarda delantera, anteportada y portada sencilla, impresa en rojo y negro, con diversos tipos de letra. Texto muy bien impreso, en una sola columna, sobre papel satinado. Notas de pie de página. Contiene siete planchas en "fototipia", algunos comienzan a desprenderse. En la portada, anotación de propiedad. Sello de tinta en el que se lee: "El Colegio de Nuestra Señora del Rosario".
500 _aIncluye índice.
505 0 _aSesión preparatoria. ; Sesión inaugural. ; Primera, Segunda, Tercera, Cuarta, Quinta y Sexta sesiones ordinarias.
506 _aConsulta en sala.
520 _aActas e Informes presentados en la séptima reunión del Consejo de Americanistas.
546 _aTexto en francés, inglés y alemán.
650 0 4 _aAmericanismos
_vCongresos, conferencias, etc.
_97268
650 0 4 _aAmericanistas
_vCongresos, conferencias, etc.
_98897
650 0 4 _aEtnología
_zAmérica
_vCongresos, conferencias, etc.
_97607
650 0 4 _aHistoria
_zAmérica
_vCongresos, conferencias, etc.
_97695
650 0 4 _aSociología
_9386
651 4 _aAmérica
_vCongresos, conferencias, etc.
_926749
942 _cLIBRO
_a2
_e1
_2DEWEY
_h305.8980
999 _c36698
_d36698